000 00905cam a2200217 a 4500
005 20160128095037.0
008 991119s1996 my b 000 0 eng
020 _a9839747177
040 _aDLC
_cDLC
_dDLC
_dCO-BoIAVH
041 0 _aeng
082 0 4 _a306.42
_bN69d
100 1 _aNijar, Gurdial Singh.
245 1 0 _aIn defence of local community knowledge and biodiversity :
_ba conceptual framework and the essential elements of a rights regime /
_cGurdial Singh Nijar.
260 _aPenang, Malaysia :
_bThird World Network,
_cc1996.
300 _a62 páginas ;
_c21 x 14 cm.
490 0 _aPaper / Third World Network ;
_v1
504 _aIncluye referencias bibliográficas (páginas 35-36).
650 6 _aBiodiversidad
_xConservación
_xLegislación
_zPaíses en desarrollo.
650 4 _aConocimiento local
_xConservación
_xLegislación
_zPaíses en desarrollo.
942 _2ddc
_cLIBRO
999 _c2293
_d2293